[Event "25th ECh U20"]
[Site "Tallinn EST"]
[Date "1997.09.10"]
[Round "1"]
[White "Agopov, Mikael"]
[Black "Rowson, Jonathan"]
[Result "1-0"]
[WhiteElo "2300"]
[BlackElo "2490"]
[EventDate "1997.09.10"]
[PlyCount "61"]

1.e4 c5 2.Nf3 e6 3.d4 cxd4 4.Nxd4 a6 5.Bd3 Qb6 6.Nb3 Qc7 7.Nc3 d6 8.O-O 
Nf6 9.f4 Nbd7 10.Kh1 b5 11.a4 b4 12.Na2 Bb7 13.Qe1 a5 14.c3 Be7 15.cxb4 
axb4 16.Nxb4 O-O 17.Bd2 Nc5 18.Nxc5 dxc5 19.e5 Nd7 20.Nc2 Qc6 21.Qe2 Rxa4 
22.Bb5 Re4 23.Ne3 Qc8 24.Bd3 Nb8 25.Bxe4 Bxe4 26.Bc3 Qb7 27.f5 Bg5 28.fxe6
Bxe3 29.Rxf7 Qd5 30.Rxf8+ Kxf8 31.Qf1+ 1-0

[Event "25th ECh U20"]
[Site "Tallinn EST"]
[Date "1997.09.10"]
[Round "1"]
[White "Stocek, Jiri"]
[Black "Balogh, Peter"]
[Result "1-0"]
[WhiteElo "2470"]
[BlackElo "2285"]
[EventDate "1997.09.10"]
[PlyCount "65"]

1.d4 Nf6 2.c4 g6 3.Nc3 Bg7 4.e4 d6 5.Be2 O-O 6.Nf3 e5 7.O-O Nc6 8.d5 Ne7 
9.b4 Nh5 10.Re1 Nf4 11.Bf1 f5 12.Bxf4 exf4 13.e5 dxe5 14.Nxe5 g5 15.Qh5 
Bxe5 16.Rxe5 Ng6 17.Ree1 Bd7 18.d6 c6 19.Rad1 Qf6 20.Ne2 Rae8 21.c5 Re4 
22.a3 Rfe8 23.Rd2 g4 24.Red1 f3 25.gxf3 Rxe2 26.Bxe2 Nf4 27.Bc4+ Kh8 28.
Qxe8+ Bxe8 29.d7 Bxd7 30.Rxd7 Nd5 31.Bxd5 cxd5 32.Re1 Qg6 33.f4 1-0

[Event "25th ECh U20"]
[Site "Tallinn EST"]
[Date "1997.09.10"]
[Round "1"]
[White "Zaveckis, Laurynas"]
[Black "Belozerov, Andrei"]
[Result "0-1"]
[WhiteElo "2235"]
[BlackElo "2450"]
[EventDate "1997.09.10"]
[PlyCount "90"]

1.e4 e5 2.Nf3 Nc6 3.Bc4 Bc5 4.b4 Bxb4 5.c3 Bc5 6.d4 exd4 7.O-O d6 8.cxd4 
Bb6 9.Re1 Bg4 10.e5 d5 11.Bb5 Ne7 12.Bg5 O-O 13.Bxc6 bxc6 14.a4 a5 15.Qd3 
f6 16.exf6 gxf6 17.Be3 Qd7 18.Nbd2 Kh8 19.Kh1 Rg8 20.Nh4 Bf5 21.Nxf5 Nxf5 
22.Rac1 Rae8 23.Nb3 Qg7 24.Qf1 Nh4 25.g3 Nf3 26.Red1 Nxh2 27.Kxh2 Rxe3 28.
Rd3 Re4 29.Rxc6 f5 30.Qh3 Rg4 31.Re6 f4 32.Re2 c6 33.Nc5 Bc7 34.Kg1 fxg3 
35.f3 Rg6 36.Ne6 Qd7 37.Kg2 Bd6 38.Rde3 Qf7 39.Qh5 Qf6 40.f4 Rh6 41.Qf3 
Qh4 42.Kg1 g2 43.Rxg2 Qh1+ 44.Kf2 Rxg2+ 45.Qxg2 Rh2 0-1

[Event "25th ECh U20"]
[Site "Tallinn EST"]
[Date "1997.09.10"]
[Round "1"]
[White "Rabinovich, Alexander"]
[Black "Shishkov, Andrei"]
[Result "1-0"]
[WhiteElo "2415"]
[BlackElo "2230"]
[EventDate "1997.09.10"]
[PlyCount "75"]

1.d4 Nf6 2.c4 e6 3.Nc3 Bb4 4.Qc2 O-O 5.a3 Bxc3+ 6.Qxc3 Ne4 7.Qc2 f5 8.g3 
b6 9.Bg2 Bb7 10.Nf3 Nf6 11.O-O Be4 12.Qc3 d6 13.b4 Nbd7 14.Bb2 Qe8 15.Ne1 
Bxg2 16.Nxg2 e5 17.dxe5 dxe5 18.Rad1 Qe6 19.f3 Rae8 20.Rd2 Rf7 21.Rfd1 Qc6
22.Ne3 f4 23.gxf4 exf4 24.Ng2 Ne5 25.Rd4 Ng6 26.R1d2 Rfe7 27.Qc2 Qe6 28.c5
bxc5 29.Qxc5 Qh3 30.Qc4+ Kh8 31.Nxf4 Qf5 32.Ng2 Qb1+ 33.Kf2 Qh1 34.Rd8 
Qxh2 35.Bxf6 gxf6 36.Rxe8+ Rxe8 37.Qf7 Qe5 38.Rd7 1-0

[Event "25th ECh U20"]
[Site "Tallinn EST"]
[Date "1997.09.10"]
[Round "1"]
[White "Zhitin, Juri"]
[Black "Kelly, Brian"]
[Result "1/2-1/2"]
[WhiteElo "2215"]
[BlackElo "2390"]
[EventDate "1997.09.10"]
[PlyCount "134"]

1.d4 d5 2.c4 c6 3.cxd5 cxd5 4.Nf3 Nf6 5.Nc3 Nc6 6.Bf4 Ne4 7.e3 Nxc3 8.bxc3
g6 9.Be2 Bg7 10.O-O O-O 11.c4 dxc4 12.Bxc4 b6 13.Rc1 Bb7 14.Qe2 Rc8 15.Ba6
Bxa6 16.Qxa6 Qd7 17.a3 e6 18.Rfd1 Rfd8 19.Qb5 Qb7 20.h3 Ne7 21.Bg3 Nd5 22.
Qd3 Rxc1 23.Rxc1 Rc8 24.Rxc8+ Qxc8 25.e4 Nf6 26.Be5 Qc6 27.Nd2 b5 28.Bxf6 
Bxf6 29.d5 exd5 30.exd5 Qc3 31.Qe2 Qd4 32.d6 Kg7 33.Ne4 Be5 34.g3 a6 35.d7
Qxd7 36.Nc5 Qd4 37.Nxa6 Bxg3 38.Kg2 Bd6 39.Qxb5 Bxa3 40.Qc6 Bd6 41.Nc7 Be5
42.Nb5 Qd3 43.Na7 Qf5 44.Qf3 Qg5+ 45.Kf1 Bh2 46.Nc6 Qg1+ 47.Ke2 Qc1 48.Qe4
Qc3 49.Qd4+ Qxd4 50.Nxd4 Kf6 51.Ke3 Bc7 52.Kf3 Bb6 53.Ne2 Ke5 54.Nc1 Kf5 
55.Ne2 Kg5 56.Kg3 f5 57.Ng1 Bc7+ 58.Kf3 Kh4 59.Kg2 Bb6 60.Nf3+ Kh5 61.Kg3 
g5 62.Kg2 Bc5 63.Kg3 g4 64.hxg4+ fxg4 65.Kg2 Bd6 66.Ng1 Kh4 67.f3 gxf3+ 
1/2-1/2

[Event "25th ECh U20"]
[Site "Tallinn EST"]
[Date "1997.09.10"]
[Round "1"]
[White "Lytschak, Alexander"]
[Black "Johansen, Terje"]
[Result "1-0"]
[WhiteElo "2390"]
[BlackElo "2210"]
[EventDate "1997.09.10"]
[PlyCount "59"]

1.d4 d5 2.c4 c6 3.Nf3 Nf6 4.cxd5 cxd5 5.Nc3 Nc6 6.Bf4 Bf5 7.e3 e6 8.Ne5 
Nd7 9.Nxc6 bxc6 10.Be2 Be7 11.O-O O-O 12.Rc1 c5 13.Nb5 a6 14.Nd6 Bg6 15.
dxc5 Nxc5 16.Rxc5 Bxd6 17.Bxd6 Qxd6 18.Qd4 Be4 19.Qc3 Qe7 20.Rc1 h6 21.b4 
Rfd8 22.Qe5 Rdb8 23.a3 f6 24.Qg3 Qe8 25.Rc7 Bg6 26.Bh5 Kh7 27.Rxg7+ Kxg7 
28.Bxg6 Kg8 29.Bf7+ Kxf7 30.Rc7+ 1-0

[Event "25th ECh U20"]
[Site "Tallinn EST"]
[Date "1997.09.10"]
[Round "1"]
[White "Pandars, Maris"]
[Black "Tyomkin, Dimitri"]
[Result "0-1"]
[WhiteElo "2205"]
[BlackElo "2390"]
[EventDate "1997.09.10"]
[PlyCount "48"]

1.Nc3 c5 2.Nf3 Nc6 3.d4 cxd4 4.Nxd4 Nf6 5.Bg5 e6 6.Ndb5 d6 7.e4 a6 8.Bxf6 
gxf6 9.Nd4 Bd7 10.g3 h5 11.h4 b5 12.Bg2 Ne5 13.O-O Rc8 14.Nce2 Bh6 15.b3 
Qb6 16.Kh1 Ng4 17.Qd3 Rg8 18.f4 e5 19.Nf5 Bxf5 20.exf5 Nf2+ 21.Rxf2 Qxf2 
22.Qxd6 Qxe2 23.Rd1 Qxc2 24.fxe5 Qxd1+ 0-1

[Event "25th ECh U20"]
[Site "Tallinn EST"]
[Date "1997.09.10"]
[Round "1"]
[White "Ooms, Andy"]
[Black "Hnydiuk, Aleksander"]
[Result "0-1"]
[WhiteElo "2170"]
[BlackElo "2375"]
[EventDate "1997.09.10"]
[PlyCount "50"]

1.d4 f5 2.Nc3 d5 3.Nf3 Nf6 4.Bg5 e6 5.e3 Be7 6.Bd3 O-O 7.Ne2 c5 8.c3 Nc6 
9.Nf4 Qe8 10.Bc2 Ne4 11.Bxe7 Qxe7 12.Nd3 Bd7 13.Nfe5 Nxe5 14.Nxe5 Bb5 15.
a4 Ba6 16.dxc5 f4 17.Bxe4 dxe4 18.Qd6 Qg5 19.Qxe6+ Kh8 20.Nf7+ Rxf7 21.
Qxf7 fxe3 22.g3 Qxc5 23.f4 exf3 24.Qxf3 Rf8 25.Qd1 Qf5 0-1

[Event "25th ECh U20"]
[Site "Tallinn EST"]
[Date "1997.09.10"]
[Round "1"]
[White "Bakhtadze, Giorgi"]
[Black "Meyer, Harvey"]
[Result "1-0"]
[WhiteElo "2365"]
[BlackElo "2160"]
[EventDate "1997.09.10"]
[PlyCount "121"]

1.Nf3 Nf6 2.b3 d5 3.Bb2 Bf5 4.e3 e6 5.Be2 h6 6.O-O Bd6 7.c4 c6 8.d4 Nbd7 
9.Nbd2 O-O 10.c5 Bc7 11.b4 Qe7 12.b5 cxb5 13.Bxb5 a6 14.Ba4 Ne4 15.Nxe4 
Bxe4 16.Rc1 Nf6 17.Ne5 Bxe5 18.dxe5 Nd7 19.f3 Bg6 20.e4 b5 21.cxb6 Nxb6 
22.Bd4 Nxa4 23.Qxa4 Rfd8 24.Bb6 Qd7 25.Qa5 Rdb8 26.exd5 Qxd5 27.Qxd5 exd5 
28.Rc6 Bd3 29.Rd1 Bc4 30.a3 Re8 31.Bd4 Rab8 32.f4 Rb3 33.a4 Ra3 34.f5 Rxa4
35.e6 fxe6 36.fxe6 Be2 37.Rd2 Bg4 38.Rc7 Rxd4 39.Rxd4 Bxe6 40.Ra7 Bf7 41.
Rxa6 Re7 42.Rda4 Rd7 43.Ra7 Rxa7 44.Rxa7 Bg6 45.Rd7 Be4 46.Kf2 Kh7 47.g3 
Kg6 48.Ke3 Kf6 49.Kd4 g6 50.Rd8 Kf5 51.Rf8+ Ke6 52.g4 Ke7 53.Rf1 Ke6 54.
Rf2 Bh1 55.h4 h5 56.g5 Be4 57.Rf6+ Ke7 58.Ke5 Kd7 59.Ra6 Kc7 60.Rd6 Kb7 
61.Rxd5 1-0

[Event "25th ECh U20"]
[Site "Tallinn EST"]
[Date "1997.09.10"]
[Round "1"]
[White "Rylander, Dennis"]
[Black "Hunt, Harriet"]
[Result "0-1"]
[WhiteElo "2100"]
[BlackElo "2360"]
[EventDate "1997.09.10"]
[PlyCount "72"]

1.d4 Nf6 2.c4 e6 3.Nc3 Bb4 4.e3 O-O 5.Bd3 c5 6.Nf3 cxd4 7.exd4 d5 8.O-O 
dxc4 9.Bxc4 b6 10.Qe2 Bb7 11.a3 Bxc3 12.bxc3 Nbd7 13.Bd3 Qc7 14.c4 Rfe8 
15.Ne5 Nxe5 16.dxe5 Nd7 17.Re1 Rac8 18.Bg5 Nf8 19.Rac1 Qc5 20.Qg4 Qxa3 21.
Rcd1 Rc7 22.Re3 Qa4 23.Rh3 Rd7 24.Rf1 Qc6 25.Re1 h5 26.Rxh5 Rxd3 27.Bf6 
Ng6 28.f3 Qc5+ 29.Kh1 Qf2 30.Rg1 Rxf3 31.Rg5 Rxf6 32.exf6 Qxf6 33.h4 Rd8 
34.Qg3 Rd4 35.Re1 Rxh4+ 36.Kg1 Qd4+ 0-1

[Event "25th ECh U20"]
[Site "Tallinn EST"]
[Date "1997.09.10"]
[Round "1"]
[White "Belichev, Nikolai"]
[Black "Jakupovic, Neven"]
[Result "1/2-1/2"]
[WhiteElo "2345"]
[BlackElo "2090"]
[EventDate "1997.09.10"]
[PlyCount "99"]

1.d4 e6 2.c4 Bb4+ 3.Bd2 Bxd2+ 4.Qxd2 d6 5.Nf3 Nc6 6.g3 e5 7.Bg2 e4 8.Ng5 
f5 9.O-O Nf6 10.f3 h6 11.Nh3 O-O 12.Nc3 Re8 13.fxe4 fxe4 14.e3 Bg4 15.Nf4 
Nb8 16.h3 Bf5 17.g4 Bh7 18.Rf2 Nbd7 19.Nfe2 Nb6 20.b3 d5 21.c5 Nc8 22.Ng3 
c6 23.b4 Ne7 24.Rb1 a6 25.Nce2 Rf8 26.a4 Qd7 27.Nf4 Bg6 28.Nxg6 Nxg6 29.
Nf5 h5 30.Qe2 hxg4 31.hxg4 Nh7 32.b5 axb5 33.axb5 Ng5 34.Qb2 Nh4 35.bxc6 
bxc6 36.Qb7 Qxb7 37.Rxb7 Nxf5 38.Rxf5 Rxf5 39.gxf5 Rf8 40.Rc7 Rf6 41.Kh2 
Nf7 42.Bh3 Kh7 43.Kg3 Nh6 44.Kf4 Kg8 45.Kg5 Nf7+ 46.Kh4 Nh6 47.Kg5 Kf8 48.
Bg4 Nf7+ 49.Kh4 Nh6 50.Kg5 1/2-1/2

[Event "25th ECh U20"]
[Site "Tallinn EST"]
[Date "1997.09.11"]
[Round "2"]
[White "Hnydiuk, Aleksander"]
[Black "Stocek, Jiri"]
[Result "1-0"]
[WhiteElo "2375"]
[BlackElo "2470"]
[EventDate "1997.09.10"]
[PlyCount "74"]

1.e4 c5 2.Nc3 e6 3.f4 Nc6 4.Nf3 Nge7 5.d4 cxd4 6.Nxd4 Nxd4 7.Qxd4 Nc6 8.
Qf2 d5 9.Bd3 Be7 10.O-O O-O 11.Rd1 Re8 12.a3 a6 13.exd5 exd5 14.Nxd5 Bh4 
15.g3 Bg4 16.Rd2 Bf6 17.Bf1 Bd4 18.Rxd4 Nxd4 19.Qxd4 Re1 20.Kf2 Rd1 21.Bd3
Qd7 22.b3 Re8 23.Qc5 b6 24.Qc4 b5 25.Qc5 Bh5 26.Ne3 Qh3 27.Qc6 Qxh2+ 28.
Qg2 Rh1 29.Qxh2 Rxh2+ 30.Ng2 Bg4 31.Bb2 Bh3 32.Bf1 Rh1 33.Rd1 h5 34.Be5 
Rc8 35.c4 bxc4 36.bxc4 f6 37.Bd6 Bg4 1-0

[Event "25th ECh U20"]
[Site "Tallinn EST"]
[Date "1997.09.11"]
[Round "2"]
[White "Belozerov, Andrei"]
[Black "Bakhtadze, Giorgi"]
[Result "1/2-1/2"]
[WhiteElo "2450"]
[BlackElo "2365"]
[EventDate "1997.09.10"]
[PlyCount "96"]

1.d4 Nf6 2.c4 g6 3.Nc3 Bg7 4.e4 d6 5.Nf3 O-O 6.Be2 e5 7.d5 a5 8.Bg5 Qe8 9.
Nd2 Na6 10.a3 Bd7 11.b3 h6 12.Be3 Nh7 13.Rb1 f5 14.f3 Nf6 15.Qc2 c5 16.
dxc6 bxc6 17.b4 axb4 18.axb4 Nc7 19.b5 Ne6 20.bxc6 Bxc6 21.Nb5 Bxb5 22.
cxb5 d5 23.O-O fxe4 24.fxe4 d4 25.Bf2 Nf4 26.Bc4+ Kh8 27.Bxd4 Qc8 28.Rxf4 
exf4 29.e5 Qd8 30.Nf3 Nh7 31.Qxg6 Ng5 32.Bc5 Re8 33.Bd6 Rc8 34.Bd3 Nxf3+ 
35.gxf3 Qg5+ 36.Qxg5 hxg5 37.Bg6 Bxe5 38.Bxe8 Bxd6 39.Bd7 Rd8 40.Bc6 Bc5+ 
41.Kg2 Bb6 42.Be4 Kg7 43.Rb2 Kf6 44.Rc2 Ke5 45.Bc6 Be3 46.Rb2 Rd2+ 47.Rxd2
Bxd2 48.b6 Kd6 1/2-1/2

[Event "25th ECh U20"]
[Site "Tallinn EST"]
[Date "1997.09.11"]
[Round "2"]
[White "Hunt, Harriet"]
[Black "Banikas, Hristos"]
[Result "1/2-1/2"]
[WhiteElo "2360"]
[BlackElo "2450"]
[EventDate "1997.09.10"]
[PlyCount "52"]

1.e4 c5 2.Nf3 Nc6 3.d4 cxd4 4.Nxd4 g6 5.c4 Nf6 6.Nc3 d6 7.Be2 Nxd4 8.Qxd4 
Bg7 9.Bg5 Be6 10.Rc1 a6 11.O-O Qa5 12.Qe3 Rc8 13.b3 O-O 14.f4 Qc5 15.Qxc5 
Rxc5 16.a4 Re8 17.Bd3 h6 18.Bh4 g5 19.Bf2 Rcc8 20.g3 Ng4 21.Ba7 Rc6 22.h3 
Ra8 23.hxg4 Rxa7 24.Nd5 b6 25.Be2 Bxd5 26.exd5 Rc8 1/2-1/2

[Event "25th ECh U20"]
[Site "Tallinn EST"]
[Date "1997.09.11"]
[Round "2"]
[White "Ruck, Robert"]
[Black "Agopov, Mikael"]
[Result "1/2-1/2"]
[WhiteElo "2465"]
[BlackElo "2300"]
[EventDate "1997.09.10"]
[PlyCount "71"]

1.d4 Nf6 2.c4 g6 3.g3 Bg7 4.Bg2 O-O 5.Nf3 d6 6.O-O c6 7.Nc3 Bf5 8.b3 Ne4 
9.Bb2 Nxc3 10.Bxc3 Be4 11.Qd2 Nd7 12.Qe3 d5 13.Bh3 Bxf3 14.Qxf3 e6 15.e4 
dxc4 16.bxc4 Nb6 17.c5 Na4 18.Rad1 b6 19.cxb6 axb6 20.Bb4 Re8 21.e5 Qd5 
22.Qb3 Qb5 23.Bg2 Rac8 24.Bd6 Qxb3 25.axb3 Nc3 26.Rd3 Nb5 27.Rc1 Nxd6 28.
exd6 Red8 29.Rxc6 Rxc6 30.Bxc6 Rxd6 31.d5 Bb2 32.dxe6 Rxd3 33.e7 Rd1+ 34.
Kg2 Re1 35.e8=Q+ Rxe8 36.Bxe8 1/2-1/2

[Event "25th ECh U20"]
[Site "Tallinn EST"]
[Date "1997.09.11"]
[Round "2"]
[White "Kelly, Brian"]
[Black "Grotz, Harald"]
[Result "1-0"]
[WhiteElo "2390"]
[BlackElo "2245"]
[EventDate "1997.09.10"]
[PlyCount "105"]

1.d4 Nf6 2.c4 c5 3.d5 b5 4.cxb5 a6 5.bxa6 Bxa6 6.Nc3 g6 7.e4 Bxf1 8.Kxf1 
d6 9.g3 Bg7 10.Kg2 O-O 11.Nf3 Nbd7 12.Re1 Nb6 13.a4 Ra6 14.Ra2 Qa8 15.b3 
Rb8 16.Qc2 Ne8 17.Bb2 Nc7 18.Ba1 Nd7 19.Nb1 Rab6 20.Bxg7 Kxg7 21.Nbd2 Na6 
22.Qc3+ Kg8 23.Ra3 Qb7 24.h4 Nf6 25.Raa1 Rb4 26.Qc2 Qd7 27.Qd3 Nc7 28.Rac1
Ng4 29.h5 e6 30.dxe6 Qxe6 31.Rc4 R4b7 32.Rc3 Qf6 33.e5 dxe5 34.Ne4 Qe7 35.
Nxc5 Rb4 36.Qd7 Re8 37.Qxe7 Rxe7 38.Nd3 Rb8 39.Ndxe5 Nd5 40.Rd3 Nb4 41.Rd7
Rxd7 42.Nxd7 Rd8 43.Re4 f5 44.Rxb4 Rxd7 45.Rd4 Ra7 46.hxg6 hxg6 47.Rd6 Kh7
48.Nd4 Ne5 49.Rd5 Nd7 50.a5 Nf6 51.Rb5 Ne4 52.b4 Rd7 53.a6 1-0

[Event "25th ECh U20"]
[Site "Tallinn EST"]
[Date "1997.09.11"]
[Round "2"]
[White "Janssen, Ruud"]
[Black "Zhitin, Juri"]
[Result "1-0"]
[WhiteElo "2330"]
[BlackElo "2215"]
[EventDate "1997.09.10"]
[PlyCount "93"]

1.c4 f5 2.d4 Nf6 3.g3 g6 4.Bg2 Bg7 5.Nf3 d6 6.O-O O-O 7.Nc3 Qe8 8.d5 a5 9.
Rb1 Na6 10.Ne1 e5 11.dxe6 Qxe6 12.Nd5 Re8 13.Nc2 Qf7 14.Be3 Nc5 15.Nxf6+ 
Bxf6 16.Bxc5 dxc5 17.Bd5 Be6 18.Bxb7 Rad8 19.Bd5 c6 20.Bxe6 Qxe6 21.Qe1 
Qxe2 22.Ne3 Rd2 23.Qxe2 Rxe2 24.Rfe1 Rxb2 25.Rxb2 Bxb2 26.Kf1 Bd4 27.Nc2 
Rxe1+ 28.Kxe1 g5 29.Ke2 Kf7 30.f4 Bg1 31.Kf1 Bd4 32.fxg5 Ke6 33.Ke2 Bg1 
34.h4 Ke5 35.Kf3 a4 36.h5 Bd4 37.h6 Bc3 38.Ne3 Kd4 39.Nxf5+ Kxc4 40.Ke4 a3
41.Nd6+ Kb4 42.Kd3 Bb2 43.Nc4 Ba1 44.g4 Bb2 45.g6 hxg6 46.Nxb2 axb2 47.Kc2
1-0

[Event "25th ECh U20"]
[Site "Tallinn EST"]
[Date "1997.09.11"]
[Round "2"]
[White "Williams, Simon"]
[Black "Pandars, Maris"]
[Result "1-0"]
[WhiteElo "2310"]
[BlackElo "2205"]
[EventDate "1997.09.10"]
[PlyCount "61"]

1.c4 e5 2.Nc3 Nc6 3.Nf3 f5 4.d4 e4 5.Ng5 Be7 6.h4 Bf6 7.e3 d6 8.Nd5 Nce7 
9.Qh5+ g6 10.Nxf6+ Nxf6 11.Qh6 Nh5 12.Nxh7 Kf7 13.Ng5+ Kf6 14.Nh7+ Kf7 15.
g4 Kg8 16.gxh5 Rxh7 17.Qf4 Rxh5 18.Rg1 Kh7 19.Be2 Rh6 20.Bd2 Ng8 21.Rg5 
Nf6 22.O-O-O Qe7 23.Rh1 Bd7 24.Bc3 Rg8 25.d5 Ng4 26.Bxg4 fxg4 27.h5 Be8 
28.Qxg4 Qf8 29.Qxe4 Qxf2 30.Rg2 Qf8 31.Rgh2 1-0

[Event "25th ECh U20"]
[Site "Tallinn EST"]
[Date "1997.09.11"]
[Round "2"]
[White "Balogh, Peter"]
[Black "Ooms, Andy"]
[Result "1-0"]
[WhiteElo "2285"]
[BlackElo "2170"]
[EventDate "1997.09.10"]
[PlyCount "157"]

1.d4 Nf6 2.c4 c5 3.Nf3 cxd4 4.Nxd4 g6 5.Nc3 Bg7 6.g3 Nc6 7.Bg2 O-O 8.O-O 
Nxd4 9.Qxd4 d6 10.b3 Qa5 11.Bb2 Bf5 12.Qe3 Ng4 13.Qd2 Rab8 14.Rfd1 Qc5 15.
e4 Be6 16.h3 Nf6 17.Rac1 Qh5 18.Qe2 Rfc8 19.Qxh5 Nxh5 20.Kh2 Bh6 21.Rb1 a6
22.Nd5 Bxd5 23.Rxd5 b5 24.Bf1 b4 25.Ra5 Ra8 26.Bg2 e5 27.Rd1 Rc6 28.c5 
Rxc5 29.Rxc5 dxc5 30.Bxe5 Bg7 31.Rd5 Bxe5 32.Rxe5 Rc8 33.Bf1 a5 34.Bc4 Kf8
35.Kg2 Nf6 36.Bb5 Ng8 37.Rd5 Nf6 38.Re5 Ng8 39.Kf3 Ne7 40.Ke3 Rc7 41.Kd3 
Nc8 42.Re8+ Kg7 43.e5 Na7 44.Rb8 g5 45.Rb6 h5 46.Ke4 Nxb5 47.Rxb5 c4 48.
bxc4 Rxc4+ 49.Kf5 a4 50.Kxg5 Rc2 51.Rxb4 Rxa2 52.f4 Rg2 53.g4 hxg4 54.hxg4
a3 55.Ra4 a2 56.Ra7 Re2 57.Kf5 Rg2 58.g5 Rf2 59.g6 a1=Q 60.Rxa1 fxg6+ 61.
Ke4 Kf7 62.Ra7+ Ke6 63.Ra6+ Kf7 64.Rf6+ Kg7 65.Kd5 Ra2 66.Rc6 Ra4 67.Rc7+ 
Kf8 68.Rc4 Ra7 69.Kd6 Kf7 70.Rc6 Rb7 71.Ra6 Re7 72.Kd5 Rd7+ 73.Rd6 Ra7 74.
e6+ Ke7 75.Ke5 Ke8 76.Rd4 Ra1 77.Kf6 Re1 78.Rc4 Kd8 79.e7+ 1-0

[Event "25th ECh U20"]
[Site "Tallinn EST"]
[Date "1997.09.11"]
[Round "2"]
[White "Papazov, Yvajlo"]
[Black "Meyer, Harvey"]
[Result "1-0"]
[WhiteElo "2240"]
[BlackElo "2160"]
[EventDate "1997.09.10"]
[PlyCount "87"]

1.e4 c5 2.Nf3 e6 3.c3 d5 4.exd5 Qxd5 5.d4 Nf6 6.Bd3 cxd4 7.cxd4 Nc6 8.Nc3 
Qd8 9.O-O Be7 10.a3 O-O 11.Be3 b6 12.Qe2 Bb7 13.Rad1 Rc8 14.Bb1 Na5 15.Bg5
Re8 16.Qd3 g6 17.Ne5 a6 18.Rfe1 Qc7 19.Ba2 Ng4 20.Bxe7 Nxe5 21.dxe5 Qxe7 
22.Ne4 Bxe4 23.Qxe4 Red8 24.h4 Nc6 25.h5 Rxd1 26.Rxd1 Qg5 27.hxg6 hxg6 28.
f4 Qf5 29.Qxf5 gxf5 30.Rd6 Kf8 31.Kf2 Ke7 32.Ke3 a5 33.Bb3 b5 34.g3 Rg8 
35.Kf2 Rc8 36.Ke1 b4 37.Ba4 bxa3 38.bxa3 Nb8 39.Rb6 Kd8 40.Rb7 Nc6 41.Rxf7
Rc7 42.Rxc7 Kxc7 43.Bxc6 Kxc6 44.g4 1-0

[Event "25th ECh U20"]
[Site "Tallinn EST"]
[Date "1997.09.11"]
[Round "2"]
[White "Shishkov, Andrei"]
[Black "Andrade, Jose Veira"]
[Result "1-0"]
[WhiteElo "2230"]
[BlackElo "2100"]
[EventDate "1997.09.10"]
[PlyCount "69"]

1.d4 Nf6 2.c4 g6 3.Nc3 Bg7 4.e4 d6 5.f3 O-O 6.Be3 Na6 7.Qd2 e5 8.d5 Nc5 9.
O-O-O Nh5 10.Nge2 f5 11.exf5 gxf5 12.h3 Qh4 13.Bg5 Qf2 14.Be3 Qh4 15.g4 
Nf4 16.Nxf4 exf4 17.Bf2 Qh6 18.Bd3 Nxd3+ 19.Qxd3 Bd7 20.Rdg1 Rae8 21.Bd4 
fxg4 22.hxg4 Qg6 23.Ne4 Bxd4 24.Qxd4 Qg7 25.Qf2 Re5 26.Rh2 Be8 27.g5 Kf7 
28.Rgh1 Rh8 29.Nf6 Rxg5 30.Rxh7 Kxf6 31.Rxh8 Bg6 32.Qd4+ Re5 33.Qxf4+ Ke7 
34.Qh4+ Kf7 35.Rc8 1-0

[Event "25th ECh U20"]
[Site "Tallinn EST"]
[Date "1997.09.11"]
[Round "2"]
[White "Johansen, Terje"]
[Black "Rylander, Dennis"]
[Result "1/2-1/2"]
[WhiteElo "2210"]
[BlackElo "2100"]
[EventDate "1997.09.10"]
[PlyCount "102"]

1.d4 d5 2.c4 e6 3.Nc3 c6 4.Nf3 Nd7 5.e3 f5 6.Bd3 Nh6 7.Qc2 Nf6 8.Ne5 Bd6 
9.h3 Bxe5 10.dxe5 Nd7 11.f4 dxc4 12.Bxc4 Nxe5 13.Bb3 Nd3+ 14.Kf1 O-O 15.a3
Nxc1 16.Rxc1 b6 17.Kf2 Qe7 18.Rhd1 Kh8 19.Rd2 e5 20.Ne2 Ba6 21.Qc3 Qh4+ 
22.Kg1 Bxe2 23.Rxe2 exf4 24.exf4 c5 25.g3 Qf6 26.Qxf6 Rxf6 27.Rd1 Ng8 28.
Rd7 a5 29.Re5 Raf8 30.Kg2 h6 31.Be6 Re8 32.Rd6 Ne7 33.Rxb6 Ng6 34.Bf7 Nxe5
35.Rxf6 Nxf7 36.Rxf7 Re2+ 37.Kf1 Rxb2 38.Rxf5 Rb3 39.Rxc5 Rxa3 40.g4 Rxh3 
41.Rxa5 Rf3+ 42.Kg2 Rxf4 43.Kg3 Rb4 44.g5 Kh7 45.gxh6 Kxh6 46.Ra6+ Kh5 47.
Ra5+ g5 48.Ra3 Rg4+ 49.Kh3 Rb4 50.Kg3 Rb5 51.Rc3 Ra5 1/2-1/2

[Event "25th ECh U20"]
[Site "Tallinn EST"]
[Date "1997.09.12"]
[Round "3"]
[White "Williams, Simon"]
[Black "Rowson, Jonathan"]
[Result "1/2-1/2"]
[WhiteElo "2310"]
[BlackElo "2490"]
[EventDate "1997.09.10"]
[PlyCount "89"]

1.f4 g6 2.Nf3 Bg7 3.d4 c5 4.e3 d5 5.Bd3 Nh6 6.c3 O-O 7.O-O Nd7 8.a4 Qc7 9.
Bd2 Nf6 10.Be1 Bf5 11.Be2 Bg4 12.h3 Bxf3 13.Rxf3 Nf5 14.Bd3 Ne4 15.Nd2 
Nxe3 16.Rxe3 cxd4 17.Rf3 dxc3 18.Nxe4 dxe4 19.Bxe4 Rfd8 20.Qe2 cxb2 21.Rb1
Rac8 22.Bg3 Qc4 23.Bd3 Qc1+ 24.Kh2 e6 25.f5 exf5 26.Bf4 Qc6 27.Rxb2 Bxb2 
28.Qxb2 f6 29.Bb1 Kg7 30.Ba2 Re8 31.h4 h6 32.Qb3 Re7 33.Re3 Qe8 34.Rg3 g5 
35.Qd5 Qxa4 36.Qxf5 Qxa2 37.hxg5 Qe6 38.gxf6+ Kh8 39.Qh5 Qxf6 40.Bg5 Qe5 
41.Qh4 Rf7 42.Be3 Rd7 43.Bf4 Qe6 44.Re3 Qg6 45.Rg3 1/2-1/2

[Event "25th ECh U20"]
[Site "Tallinn EST"]
[Date "1997.09.12"]
[Round "3"]
[White "Belichev, Nikolai"]
[Black "Belozerov, Andrei"]
[Result "0-1"]
[WhiteElo "2345"]
[BlackElo "2450"]
[EventDate "1997.09.10"]
[PlyCount "108"]

1.d4 Nf6 2.c4 e6 3.Nf3 b6 4.a3 Ba6 5.Qc2 Bb7 6.Nc3 c5 7.e4 cxd4 8.Nxd4 d6 
9.Be2 Be7 10.O-O O-O 11.Be3 Nbd7 12.Rfd1 a6 13.f3 Rc8 14.Qd2 Qc7 15.Rac1 
Qb8 16.Bf1 Bd8 17.Qf2 Bc7 18.h3 Rfe8 19.Kh1 Qa8 20.b4 h6 21.Nb3 d5 22.exd5
exd5 23.c5 Nh5 24.Ne2 b5 25.Nbd4 Ne5 26.Nf5 Ng6 27.Ned4 Rcd8 28.Qd2 Bc8 
29.Bd3 Re5 30.g4 Bxf5 31.gxf5 Ng3+ 32.Kg1 Rxe3 33.Qxe3 Bf4 34.Qf2 Ne5 35.
Rc3 Re8 36.Bf1 Qd8 37.Ne2 Nxe2+ 38.Bxe2 Qg5+ 39.Kh1 Qxf5 40.Bf1 Nc6 41.Re1
Rd8 42.Qh4 Bg5 43.Qg4 Qxg4 44.fxg4 Bd2 45.Rcc1 Kf8 46.Rcd1 Bxe1 47.Rxe1 
Re8 48.Rb1 Re3 49.a4 bxa4 50.Bxa6 Rb3 51.Rd1 Nxb4 52.Bb7 a3 53.c6 Nxc6 54.
Bxc6 a2 0-1

[Event "25th ECh U20"]
[Site "Tallinn EST"]
[Date "1997.09.12"]
[Round "3"]
[White "Banikas, Hristos"]
[Black "Janssen, Ruud"]
[Result "1-0"]
[WhiteElo "2450"]
[BlackElo "2330"]
[EventDate "1997.09.10"]
[PlyCount "61"]

1.d4 Nf6 2.c4 e6 3.Nf3 b6 4.a3 c5 5.d5 Ba6 6.Qc2 exd5 7.cxd5 g6 8.g3 Bg7 
9.Bg2 O-O 10.O-O Re8 11.Re1 d6 12.Nc3 Nbd7 13.h3 b5 14.Bf4 Qb6 15.e4 Rac8 
16.a4 b4 17.Nb5 Ne5 18.Bxe5 dxe5 19.Nd2 Bf8 20.Nc4 Qb8 21.f4 Nh5 22.fxe5 
Rxe5 23.Qf2 Bg7 24.g4 Bxb5 25.axb5 Nf6 26.Nxe5 Qxe5 27.Rxa7 c4 28.g5 Qxg5 
29.e5 Nh5 30.Qxf7+ Kh8 31.Re7 1-0

[Event "25th ECh U20"]
[Site "Tallinn EST"]
[Date "1997.09.12"]
[Round "3"]
[White "Bakhtadze, Giorgi"]
[Black "Hunt, Harriet"]
[Result "1-0"]
[WhiteElo "2365"]
[BlackElo "2360"]
[EventDate "1997.09.10"]
[PlyCount "85"]

1.Nf3 Nf6 2.b3 d5 3.Bb2 Bg4 4.g3 Nbd7 5.Bg2 c6 6.O-O Qc7 7.d3 e5 8.Nbd2 
Bc5 9.e4 dxe4 10.dxe4 O-O 11.h3 Bh5 12.Qe1 Bg6 13.Nh4 Rfe8 14.Qe2 a5 15.a4
Nf8 16.Nc4 Rad8 17.Rad1 Bd4 18.Bxd4 exd4 19.Nxg6 hxg6 20.Nd2 Ne6 21.Qc4 g5
22.Rfe1 Nd7 23.Qe2 Ne5 24.Nf3 g6 25.Bf1 Kg7 26.Nxe5 Qxe5 27.Qg4 Qc5 28.Bd3
Rh8 29.e5 Rh5 30.Qf3 Qe7 31.Bf1 Rd5 32.Qg4 Rd8 33.Rd3 Qc5 34.Rf3 b5 35.Bd3
Nf8 36.Rf6 Nd7 37.Rxf7+ Kxf7 38.e6+ Kg7 39.e7 Re8 40.Qxd7 Rhh8 41.Re6 Qd5 
42.Rxg6+ Kf7 43.Rd6 1-0

[Event "25th ECh U20"]
[Site "Tallinn EST"]
[Date "1997.09.12"]
[Round "3"]
[White "Stocek, Jiri"]
[Black "Papazov, Yvajlo"]
[Result "0-1"]
[WhiteElo "2470"]
[BlackElo "2240"]
[EventDate "1997.09.10"]
[PlyCount "90"]

1.d4 d5 2.c4 c6 3.Nc3 Nf6 4.Nf3 e6 5.Bg5 dxc4 6.e4 b5 7.e5 h6 8.Bh4 g5 9.
Nxg5 hxg5 10.Bxg5 Nbd7 11.exf6 Bb7 12.g3 c5 13.d5 Nxf6 14.Bg2 Be7 15.O-O 
Nxd5 16.Bxe7 Kxe7 17.Nxb5 Qb6 18.Na3 Rh4 19.Qd2 Nf4 20.Nxc4 Qa6 21.Bxb7 
Nh3+ 22.Kg2 Qxb7+ 23.f3 Rd8 24.Qe2 Rg8 25.Kh1 Rxg3 26.hxg3 Nf4+ 27.Qh2 
Rxh2+ 28.Kxh2 Qb8 29.Rad1 Ne2 30.Nd6 Qxb2 31.Rf2 Qe5 32.Ne4 Nd4 33.Kg2 f5 
34.Nd2 Qd5 35.Nb3 e5 36.Rc1 c4 37.Nd2 e4 38.Rc3 Kd8 39.Kh2 Qe5 40.fxe4 
fxe4 41.Rxc4 e3 42.Nf3 Nxf3+ 43.Rxf3 e2 44.Rd3+ Ke7 45.Rc7+ Ke6 0-1

[Event "25th ECh U20"]
[Site "Tallinn EST"]
[Date "1997.09.12"]
[Round "3"]
[White "Zaveckis, Laurynas"]
[Black "Ruck, Robert"]
[Result "1/2-1/2"]
[WhiteElo "2235"]
[BlackElo "2465"]
[EventDate "1997.09.10"]
[PlyCount "61"]

1.e4 c5 2.c3 Nf6 3.e5 Nd5 4.d4 cxd4 5.cxd4 e6 6.Nc3 Nxc3 7.bxc3 Qc7 8.Bd2 
d6 9.f4 Nd7 10.Bd3 Nb6 11.Nf3 Bd7 12.Qe2 Be7 13.O-O d5 14.Ng5 g6 15.f5 
exf5 16.e6 fxe6 17.Nxe6 Bxe6 18.Rae1 Qc8 19.g4 O-O 20.Qxe6+ Qxe6 21.Rxe6 
Bf6 22.Bh6 Bg7 23.Bxg7 Kxg7 24.gxf5 gxf5 25.Re7+ Rf7 26.Rxf7+ Kxf7 27.Bxf5
Kg7 28.Re1 Rf8 29.Re5 Rf7 30.Bg4 Rc7 31.Bf3 1/2-1/2